The well-wishers / (Record no. 33725)
[ view plain ]
| 000 -LEADER | |
|---|---|
| fixed length control field | 01081cam a2200337 a 4500 |
| 001 - CONTROL NUMBER | |
| control field | 2858944 |
| 003 - CONTROL NUMBER IDENTIFIER | |
| control field | OSt |
| 005 - DATE AND TIME OF LATEST TRANSACTION | |
| control field | 20140310184335.0 |
| 008 - FIXED-LENGTH DATA ELEMENTS--GENERAL INFORMATION | |
| fixed length control field | 850304t19851960caua j 000 1 eng |
| 010 ## - LIBRARY OF CONGRESS CONTROL NUMBER | |
| LC control number | 85005247 |
| 020 ## - INTERNATIONAL STANDARD BOOK NUMBER | |
| International Standard Book Number | 0439322286 |
| 040 ## - CATALOGING SOURCE | |
| Original cataloging agency | DLC |
| Transcribing agency | DLC |
| Modifying agency | DLC |
| 042 ## - AUTHENTICATION CODE | |
| Authentication code | lcac |
| 050 00 - LIBRARY OF CONGRESS CALL NUMBER | |
| Classification number | PZ 7 |
| Item number | .Ea11 1960 |
| 100 1# - MAIN ENTRY--PERSONAL NAME | |
| Personal name | Eager, Edward. |
| 9 (RLIN) | 23861 |
| 245 14 - TITLE STATEMENT | |
| Title | The well-wishers / |
| Statement of responsibility, etc | Edward Eager ; illustrated by N.M. Bodecker. |
| 260 ## - PUBLICATION, DISTRIBUTION, ETC. (IMPRINT) | |
| Place of publication, distribution, etc | New York, NY : |
| Name of publisher, distributor, etc | Scholastic Inc., |
| Date of publication, distribution, etc | 1960 |
| 300 ## - PHYSICAL DESCRIPTION | |
| Extent | 220 p. : |
| Other physical details | ill. ; |
| Dimensions | 19 cm. |
| 490 0# - SERIES STATEMENT | |
| Series statement | A Voyager/HBJ book |
| 520 ## - SUMMARY, ETC. | |
| Summary, etc | Six children relate their experiences with an unpredictable old wishing well that involves them in some magical adventures during an eventful autumn. |
| 521 ## - TARGET AUDIENCE NOTE | |
| Target audience note | |
| 526 ## - STUDY PROGRAM INFORMATION NOTE | |
| Reading level | 790 |
| 562 ## - COPY AND VERSION IDENTIFICATION NOTE | |
| Number of copies | 1 |
| 650 #1 - SUBJECT ADDED ENTRY--TOPICAL TERM | |
| Topical term or geographic name as entry element | Magic |
| General subdivision | Fiction. |
| 9 (RLIN) | 24099 |
| 650 #1 - SUBJECT ADDED ENTRY--TOPICAL TERM | |
| Topical term or geographic name as entry element | Wishes |
| General subdivision | Fiction. |
| 9 (RLIN) | 24100 |
| 650 #1 - SUBJECT ADDED ENTRY--TOPICAL TERM | |
| Topical term or geographic name as entry element | Interpersonal relations |
| General subdivision | Fiction. |
| 9 (RLIN) | 24101 |
| 700 1# - ADDED ENTRY--PERSONAL NAME | |
| Personal name | Bodecker, N. M., |
| Relator term | ill. |
| 9 (RLIN) | 24102 |
| 906 ## - LOCAL DATA ELEMENT F, LDF (RLIN) | |
| a | 7 |
| b | cbc |
| c | orignew |
| d | 1 |
| e | ocip |
| f | 19 |
| g | y-gencatlg |
| 942 ## - ADDED ENTRY ELEMENTS (KOHA) | |
| Source of classification or shelving scheme | Library of Congress Classification |
| Koha item type | |
| Withdrawn status | Lost status | Source of classification or shelving scheme | Damaged status | Home library | Current library | Shelving location | Date acquired | Total Checkouts | Full call number | Barcode | Date last seen | Copy number | Price effective from | Koha item type |
|---|---|---|---|---|---|---|---|---|---|---|---|---|---|---|
| Library of Congress Classification | Luxembourg Library | Luxembourg Library | Scholastic Reading Center Section | 10/05/2013 | PZ 7 .Ea11 1960 | LEX0691 | 04/18/2017 | 1 | 10/05/2013 | Books | ||||
| Library of Congress Classification | Luxembourg Library | Luxembourg Library | Scholastic Reading Center Section | 10/12/2013 | PZ 7 .Ea11 1960 | LEX2074 | 04/18/2017 | 2 | 10/12/2013 | Books |